| 000 | 01597nam0a2200349 4500 | ||
|---|---|---|---|
| 001 | RU\NLR\bibl\1306999 | ||
| 005 | 20260408202702.0 | ||
| 021 |
_aRU _b2008-83003 _94835 |
||
| 035 | _a(NLR Aleph) 001292503 | ||
| 090 |
_a568219 _c568219 |
||
| 100 | _a20081212d2008 u y0rusy50 ca | ||
| 101 | 0 |
_arus _deng |
|
| 102 | _aRU | ||
| 105 | _ay ||||||||| | ||
| 200 | 1 |
_aНепрерывный аналог метода Ньютона для нахождения собственных значений и собственных векторов матриц _fТ. Жанлав, Р. Мижиддорж, О. Чулуунбаатар |
|
| 210 |
_aДубна _cИздательский отдел Объединенного института ядерных исследований _d2008 |
||
| 215 |
_a11, [1] с. _d22 |
||
| 225 | 1 |
_aПрепринт _fОбъед. ин-т ядер. исслед. _vP11-2008-59 |
|
| 300 | _aРез. на англ. яз. | ||
| 320 | _aБиблиогр. в конце кн. (9 назв.) | ||
| 606 |
_aМатрицы (мат.) _xСобственные значения _xВычисление _3RU\NLR\auth\661512039 _92555639 |
||
| 686 | _aВ152.23 | ||
| 700 | 1 |
_4070 _7ca _8rus _aЖанлав _bТ. _f1943- _gТугалын _9251094 _3RU\NLR\AUTH\770251150 |
|
| 701 | 1 |
_aМижиддорж _bР. _4070 |
|
| 701 | 1 |
_4070 _7ca _8rus _aЧулуунбаатар _bО. _f1974- _gОчбадрах _9251079 _3RU\NLR\AUTH\770251135 |
|
| 801 | 0 |
_aRU _bNLR _c20081212 _gRCR |
|
| 801 | 1 |
_aRU _bNLR _c20081212 |
|
| 942 | _cBOOK | ||
| 980 | _aNB | ||
| 980 | _aNBR | ||